Los sistemas de financiamiento y su relación con la democratización y modernización de los partidos políticos /

Uloženo v:
Podrobná bibliografie
Hlavní autor: Ferreira Rubio, Delia M.
Médium: Text
Témata:
Tagy: Přidat tag
Žádné tagy, Buďte první, kdo vytvoří štítek k tomuto záznamu!

MARC

LEADER 00000 a a2200000 04500
001 2003
003
040
100 |a Ferreira Rubio, Delia M.  
245 |a Los sistemas de financiamiento y su relación con la democratización y modernización de los partidos políticos /  |c Delia M. Ferreira Rubio 
650 |a PARTIDOS POLITICOS  
650 |a DEMOCRATIZACION  
650 |a MODERNIZACION  
650 |a FINANCIAMIENTO  
773 |g número 19; páginas 209-220  
999 |c 38735  |d 38735